| 000 | 00858nam a2200217 a 4500 | ||
|---|---|---|---|
| 001 | 22143 | ||
| 003 | CO-ViMGA | ||
| 008 | 141112s2004 ck r 000 u spa d | ||
| 020 | _a9707292040 | ||
| 040 |
_aCO-ViMGA _bspa _cCO-ViMGA |
||
| 082 | 0 | 4 | _a615.14 B693m |
| 100 | 1 |
_aBoyer, Mary Jo _931508 |
|
| 245 | 1 | 0 |
_aMatemáticas para enfermeras : _bguía de bolsillo para cálculo de dosis y preparación de medicamentos |
| 260 |
_aMexico : _bManual Moderno, _c2006 |
||
| 300 | _a327p | ||
| 505 | _aMatemáticas básicas revisión y recordatorio 3 - - Sistemas de medidas 81 - - Cálculo de dosis 117 | ||
| 590 | _aForma de adquisición : Compra - - Precio : 65.000 - - Proveedor : Bernalibros - - Fecha de adquisición : Octubre 2007 | ||
| 650 | 1 | 4 |
_aENFERMERIA - MATEMATICAS _931509 |
| 650 | 1 | 4 |
_aFORMAS DE DOSIFICACION - MANUALES _931510 |
| 942 |
_2ddc _cBK |
||
| 999 |
_c30578 _d30578 |
||